000 00488nam a2200193Ia 4500
005 20230324111449.0
008 131103s9999 xx 000 0 und d
020 _cRs.6
040 _aLoreto College
041 _aEnglish
082 _a891.443
_bBAN
100 _aBannerji, Bibhuti Bhushan
245 _aIchamati
_cBibhuti Bhushan Bannerji
260 _aKolkata
_bMitraloy
_c1941
300 _a379p.
650 _aBengali literature - 1950 - 1951
850 _aLCLIB
942 _cBK
999 _c21370
_d71849